00845nam a22002177a 4500003000400000005001700004007000400021008004100025010002000066024001000086035002000096040001300116245010700129260002000236300005600256440002000312500008600332538003200418538015800450650001900608dpl20100322152334.0DVD050907s2005 cau105 g 00| 0 eng d aDVD-007202-7210 c69.00 aDVD-007202-7210 aDPLcDPL aSuperman Cartoon Collection-1h[videorecording] DVD /cDiskovery Video & laser Co. Pvt. Ltd. Presents bDiskovery Video a1 videocassette (VCD);bsd., col. ;c4-3/4 in.fVCD aDiskovery Video aThe Arctic Giant Billion Doller Limited The Bulleteers Destruction Inc. Japoteurs aDolby digital 5.1, English  aThis is a Videio CD with digital audio, full Motion video and Play Back Controls Suitable for Video CD, LD, DVD Player and Multimedia PCs with MPEG card. aAnimated Movie